[Event "WTCC-65 2018"]
[Site "Radebeul"]
[Date "2018.07.13"]
[Round "7"]
[White "Gundersen, Helge"]
[Black "Bernard, Christophe"]
[Result "1/2-1/2"]
[WhiteElo "2089"]
[BlackElo "2253"]
[Annotator "NA"]
[PlyCount "126"]
[EventDate "2018.07.07"]
[EventType "team-tourn"]
[EventCountry "GER"]
[SourceTitle "playchess.com"]
[Source "ChessBase"]
[SourceQuality "1"]
[TimeControl "40/5400+30:1800+30"]

1. b3 {[%emt 0:00:00]} e5 {[%emt 0:00:28]} 2. Bb2 {[%emt 0:00:00]} d6 {[%emt 0:00:09]} 3. e3 {[%emt 0:00:16]} Nf6 {[%emt 0:00:25]} 4. d4 {[%emt 0:06:28]} Nbd7 {[%emt 0:15:02]} 5. Nc3 {[%emt 0:07:28]} c6 {[%emt 0:06:36]} 6. dxe5 {[%emt 0:11:02]} dxe5 {[%emt 0:00:27]} 7. Nf3 {[%emt 0:00:56]} Be7 {[%emt 0:07:58]} 8. Be2 {[%emt 0:11:28]} O-O {[%emt 0:00:30]} 9. O-O {[%emt 0:00:07]} Qc7 {[%emt 0:00:11]} 10. Nd2 {[%emt 0:10:27]} Rd8 {[%emt 0:03:52]} 11. Bf3 {[%emt 0:02:28]} Nf8 {[%emt 0:01:16]} 12. Qe2 {[%emt 0:01:46]} Ng6 {[%emt 0:00:31]} 13. g3 {[%emt 0:04:45]} Be6 {[%emt 0:06:58]} 14. Rfd1 {[%emt 0:02:03]} Nd5 {[%emt 0:05:17]} 15. e4 Nxc3 {[%emt 0:08:34]} 16. Bxc3 {[%emt 0:02:59]} b5 {[%emt 0:00:09]} 17. Nf1 {[%emt 0:00:57]} Bc5 {[%emt 0:00:37]} 18. Rxd8+ {[%emt 0:06:35]} Rxd8 {[%emt 0:02:04]} 19. a4 {[%emt 0:00:27]} b4 {[%emt 0:01:10]} 20. Bd2 {[%emt 0:01:23]} Bd4 {[%emt 0:00:13]} 21. Rd1 {[%emt 0:00:44]} c5 {[%emt 0:00:30]} 22. Ne3 {[%emt 0:02:32]} Ne7 {[%emt 0:00:50]} 23. Bg4 {[%emt 0:01:53]} Qd7 {[%emt 0:12:51]} 24. Bxe6 {[%emt 0:02:13]} Qxe6 {[%emt 0:00:03]} 25. Nc4 {[%emt 0:04:41]} f5 {[%emt 0:00:35]} 26. Bg5 {[%emt 0:05:43]} fxe4 {[%emt 0:01:48]} 27. Bxe7 {[%emt 0:00:13]} Qxe7 {[%emt 0:00:02]} 28. Nd2 {[%emt 0:00:27]} h6 {[%emt 0:05:18]} 29. Nxe4 {[%emt 0:00:48]} Kh8 {[%emt 0:00:11]} 30. Kg2 {[%emt 0:00:30]} Rf8 {[%emt 0:00:23]} 31. Rd3 {[%emt 0:00:49]} Qd7 {[%emt 0:02:17]} 32. Rf3 {[%emt 0:04:47]} Rc8 {[%emt 0:02:49]} 33. Nd2 {[%emt 0:05:16]} Qc6 {[%emt 0:00:41]} 34. Qe4 {[%emt 0:00:21]} Qxe4 {[%emt 0:01:24]} 35. Nxe4 {[%emt 0:00:01]} c4 {[%emt 0:00:13]} 36. g4 {[%emt 0:02:11]} cxb3 {[%emt 0:00:21]} 37. cxb3 {[%emt 0:00:03]} Rc1 {[%emt 0:00:52]} 38. Rd3 {[%emt 0:01:15]} Re1 {[%emt 0:01:40]} 39. Kf3 {[%emt 0:00:23]} Kg8 {[%emt 0:00:17]} 40. h4 {[%emt 0:01:09]} Kf7 {[%emt 0:00:24]} 41. Ng3 {[%emt 0:18:48]} Ke6 {[%emt 0:01:38]} 42. Kg2 {[%emt 0:00:49]} Kd5 {[%emt 0:10:21]} 43. f3 {[%emt 0:07:31] [#]} g6 $1 {[%emt 0:07:17]} 44. h5 gxh5 {[%emt 0:00:06]} 45. gxh5 {[%emt 0:00:27]} Rg1+ {[%emt 0:00:48]} 46. Kh3 {[%emt 0:00:09] [#]} Rc1 $1 {[%emt 0:00:49]} 47. Nf5 {[%emt 0:01:27]} Rc3 {[%emt 0:00:11]} 48. Ne3+ {[%emt 0:00:52]} Ke6 {[%emt 0:03:32]} 49. Rxc3 {[%emt 0:00:03]} bxc3 {[%emt 0:03:06]} 50. Nc2 {[%emt 0:00:00]} Kf5 {[%emt 0:00:18]} 51. Kg3 {[%emt 0:02:47]} a6 {[%emt 0:00:14]} 52. b4 {[%emt 0:00:15]} Ba7 {[%emt 0:00:16]} 53. b5 {[%emt 0:00:21]} axb5 {[%emt 0:00:06]} 54. axb5 Kg5 {[%emt 0:02:58]} 55. Ne1 {[%emt 0:02:39]} Bb8 {[%emt 0:03:05]} 56. b6 {[%emt 0:01:03]} Kxh5 {[%emt 0:00:32]} 57. Kh3 {[%emt 0:01:16]} Kg5 {[%emt 0:00:16]} 58. Kg3 {[%emt 0:00:42]} h5 {[%emt 0:02:17]} 59. Kf2 {[%emt 0:00:59]} h4 {[%emt 0:00:37]} 60. Nc2 {[%emt 0:00:27]} Kf4 {[%emt 0:04:08]} 61. Nb4 {[%emt 0:00:45]} Kg5 {[%emt 0:02:55]} 62. Kg2 {[%emt 0:00:45]} Kh5 {[%emt 0:02:53]} 63. Kh3 {[%emt 0:00:07]} Kg5 {[%emt 0:00:18]} 1/2-1/2

[Event "WTCC-65 2018"]
[Site "Radebeul"]
[Date "2018.07.13"]
[Round "7"]
[White "Etzold, Ernst-Walter"]
[Black "Malmdin, Nils-Ake"]
[Result "0-1"]
[WhiteElo "2088"]
[BlackElo "2138"]
[Annotator "NA"]
[PlyCount "74"]
[EventDate "2018.07.07"]
[EventType "team-tourn"]
[EventCountry "GER"]
[SourceTitle "playchess.com"]
[Source "ChessBase"]
[SourceQuality "1"]
[TimeControl "40/5400+30:1800+30"]

1. d4 {[%emt 0:00:00]} Nf6 {[%emt 0:00:04]} 2. Nf3 {[%emt 0:00:00]} e6 {[%emt 0:00:23]} 3. g3 {[%emt 0:02:10]} b6 {[%emt 0:03:13]} 4. Bg2 {[%emt 0:00:14]} Bb7 {[%emt 0:00:09]} 5. O-O {[%emt 0:00:17]} d6 {[%emt 0:04:32]} 6. c4 {[%emt 0:02:03]} Nbd7 {[%emt 0:01:25]} 7. Nc3 {[%emt 0:01:27]} Be7 {[%emt 0:01:09]} 8. Qc2 {[%emt 0:01:47]} c5 {[%emt 0:07:28]} 9. d5 {[%emt 0:11:56]} exd5 {[%emt 0:14:49]} 10. Nh4 {[%emt 0:00:42]} g6 {[%emt 0:01:13]} 11. cxd5 {[%emt 0:00:32]} O-O {[%emt 0:00:43]} 12. a4 {[%emt 0:11:15]} Re8 {[%emt 0:01:35]} 13. f4 {[%emt 0:01:24]} Ng4 {[%emt 0:05:12]} 14. Bf3 {[%emt 0:01:40]} Bxh4 {[%emt 0:03:58]} 15. Bxg4 {[%emt 0:00:02]} Bf6 {[%emt 0:00:15]} 16. Bf3 {[%emt 0:07:13]} Bd4+ {[%emt 0:22:59]} 17. Kg2 {[%emt 0:00:11]} a6 {[%emt 0:00:16]} 18. Nd1 {[%emt 0:05:31]} f5 {[%emt 0:01:18]} 19. h4 {[%emt 0:03:06]} Qe7 {[%emt 0:03:00]} 20. h5 {[%emt 0:00:34]} Qf7 {[%emt 0:00:29]} 21. hxg6 {[%emt 0:18:09]} hxg6 {[%emt 0:00:03]} 22. e3 {[%emt 0:03:37]} Bg7 {[%emt 0:02:52]} 23. Qb3 {[%emt 0:04:06]} Rab8 {[%emt 0:01:33]} 24. Nc3 {[%emt 0:00:38]} Ba8 {[%emt 0:03:48]} 25. Bd2 {[%emt 0:00:45]} Nf6 {[%emt 0:01:13]} 26. Rad1 {[%emt 0:01:00]} Qd7 {[%emt 0:02:36]} 27. Qc2 {[%emt 0:00:34]} b5 {[%emt 0:00:54]} 28. axb5 {[%emt 0:00:30]} axb5 {[%emt 0:00:01]} 29. Bc1 {[%emt 0:00:03]} b4 {[%emt 0:00:39]} 30. Ne2 {[%emt 0:00:33]} Qf7 {[%emt 0:06:50]} 31. Qd3 {[%emt 0:02:31]} Rb6 {[%emt 0:02:20]} 32. Rh1 {[%emt 0:01:08]} Bb7 {[%emt 0:00:27]} 33. Ng1 {[%emt 0:00:25]} Ba6 {[%emt 0:01:10]} 34. Qd2 {[%emt 0:01:08]} Ng4 {[%emt 0:02:25]} 35. e4 {[%emt 0:07:15]} Bd4 {[%emt 0:01:07]} 36. Bxg4 {[%emt 0:00:18]} fxg4 {[%emt 0:00:09]} 37. Re1 {[%emt 0:00:23]} Rxe4 {[%emt 0:00:51]} 0-1

[Event "WTCC-65 2018"]
[Site "Radebeul"]
[Date "2018.07.13"]
[Round "7"]
[White "Sobeck, Guenter"]
[Black "Wahlbom, Magnus"]
[Result "1/2-1/2"]
[WhiteElo "2033"]
[BlackElo "2172"]
[Annotator "NA"]
[PlyCount "131"]
[EventDate "2018.07.07"]
[EventType "team-tourn"]
[EventCountry "GER"]
[SourceTitle "playchess.com"]
[Source "ChessBase"]
[SourceQuality "1"]
[TimeControl "40/5400+30:1800+30"]

1. b3 {[%emt 0:00:00]} e5 {[%emt 0:00:48]} 2. Bb2 {[%emt 0:00:00]} d6 {[%emt 0:00:05]} 3. d4 {[%emt 0:00:10]} Nd7 {[%emt 0:05:46]} 4. Nc3 {[%emt 0:01:11]} g6 {[%emt 0:07:07]} 5. e4 {[%emt 0:00:58]} Bg7 {[%emt 0:07:07]} 6. Nf3 {[%emt 0:00:25]} exd4 {[%emt 0:01:10]} 7. Nxd4 {[%emt 0:01:02]} Ngf6 {[%emt 0:00:57]} 8. Qd2 {[%emt 0:01:19]} O-O {[%emt 0:04:28]} 9. O-O-O {[%emt 0:00:12]} Nc5 {[%emt 0:00:45]} 10. f3 {[%emt 0:00:19]} a6 {[%emt 0:05:03]} 11. Kb1 {[%emt 0:00:29]} Bd7 {[%emt 0:03:33]} 12. g4 {[%emt 0:00:24]} b5 {[%emt 0:01:21]} 13. g5 {[%emt 0:04:23]} Nh5 {[%emt 0:09:18]} 14. Nce2 {[%emt 0:00:32]} Ne6 {[%emt 0:06:29]} 15. Nxe6 {[%emt 0:01:29]} fxe6 {[%emt 0:00:15]} 16. Ng3 {[%emt 0:04:49]} Bxb2 {[%emt 0:02:50]} 17. Kxb2 {[%emt 0:01:09]} Nf4 {[%emt 0:01:24]} 18. h4 {[%emt 0:10:50]} e5 {[%emt 0:00:54]} 19. Ne2 {[%emt 0:12:29]} Be6 {[%emt 0:02:33]} 20. Nxf4 {[%emt 0:02:36]} Rxf4 {[%emt 0:00:13]} 21. Be2 {[%emt 0:00:30]} Qe7 {[%emt 0:05:58]} 22. Rdg1 {[%emt 0:01:04]} Bf7 {[%emt 0:10:42]} 23. h5 {[%emt 0:16:58]} gxh5 {[%emt 0:06:38]} 24. Rxh5 {[%emt 0:00:54]} Kg7 {[%emt 0:03:55]} 25. Rh6 {[%emt 0:02:38]} Bg6 {[%emt 0:00:30]} 26. Qd5 {[%emt 0:03:30]} Rb8 {[%emt 0:02:14]} 27. Qc6 {[%emt 0:08:35]} Rb6 {[%emt 0:03:05]} 28. Qd5 {[%emt 0:00:16]} c6 {[%emt 0:00:48]} 29. Qd2 {[%emt 0:00:21]} b4 {[%emt 0:01:41]} 30. Qe3 {[%emt 0:04:27]} c5 {[%emt 0:01:55]} 31. Bc4 {[%emt 0:00:21]} a5 {[%emt 0:00:16]} 32. Qd3 {[%emt 0:02:53]} Rb8 {[%emt 0:00:26]} 33. Rg3 {[%emt 0:00:58]} Qd7 {[%emt 0:00:27]} 34. Rh1 {[%emt 0:00:48]} Rd8 {[%emt 0:00:33]} 35. Qe2 {[%emt 0:00:38]} Kh8 {[%emt 0:02:27]} 36. Rgh3 {[%emt 0:08:55]} Kg7 {[%emt 0:02:20]} 37. Rh6 {[%emt 0:04:46]} Kf8 {[%emt 0:01:15]} 38. R1h3 {[%emt 0:03:14]} Qg7 {[%emt 0:00:21]} 39. Qh2 {[%emt 0:00:22]} Rd7 {[%emt 0:00:25]} 40. Bd5 {[%emt 0:01:08]} Re7 {[%emt 0:00:17]} 41. Qe2 {[%emt 0:02:37]} Rc7 {[%emt 0:13:39]} 42. Qb5 {[%emt 0:01:38]} Ke7 {[%emt 0:03:55]} 43. Qxa5 {[%emt 0:02:19]} Kd7 {[%emt 0:00:12]} 44. Qb5+ {[%emt 0:00:59]} Ke7 {[%emt 0:00:36]} 45. Qb8 {[%emt 0:00:20]} Kd7 {[%emt 0:00:14]} 46. Qb5+ {[%emt 0:02:07]} Ke7 {[%emt 0:00:10]} 47. Qb6 {[%emt 0:02:01]} Kd7 {[%emt 0:00:16]} 48. c3 {[%emt 0:01:01]} bxc3+ {[%emt 0:03:30]} 49. Kxc3 {[%emt 0:00:11]} Rf8 {[%emt 0:00:30]} 50. a4 {[%emt 0:00:24]} Qe7 {[%emt 0:00:52]} 51. Rg3 {[%emt 0:06:31]} Qd8 {[%emt 0:01:17]} 52. Qb5+ {[%emt 0:00:32]} Ke7 {[%emt 0:00:09]} 53. Rgh3 {[%emt 0:00:24]} Rh8 {[%emt 0:00:25]} 54. a5 {[%emt 0:02:20]} Qf8 {[%emt 0:02:53]} 55. Qb6 $18 {[%emt 0:01:11]} Kd7 {[%emt 0:00:32]} 56. Be6+ {[%emt 0:06:09]} Kxe6 57. Qxc7 Qf4 {[%emt 0:00:25]} 58. Kc2 {[%emt 0:01:24]} Qe3 {[%emt 0:00:57]} 59. Qb7 {[%emt 0:00:39]} Qe2+ {[%emt 0:00:59]} 60. Kb1 {[%emt 0:00:13]} Qe1+ {[%emt 0:01:12]} 61. Kc2 {[%emt 0:00:16]} Qf2+ {[%emt 0:01:17]} 62. Kd3 {[%emt 0:02:26]} Qf1+ {[%emt 0:00:37]} 63. Ke3 {[%emt 0:00:27]} Qe1+ {[%emt 0:00:13]} 64. Kd3 {[%emt 0:00:02]} Qf1+ {[%emt 0:00:23]} 65. Kd2 {[%emt 0:00:13]} Qf2+ {[%emt 0:00:16] Qb6 Qe2+} 66. Kc3 {Qxe4 fxe4} 1/2-1/2

[Event "WTCC-65 2018"]
[Site "Radebeul"]
[Date "2018.07.13"]
[Round "7"]
[White "Staub, Gerhard"]
[Black "Emerson, Roger"]
[Result "1/2-1/2"]
[WhiteElo "2013"]
[BlackElo "2211"]
[Annotator "NA"]
[PlyCount "34"]
[EventDate "2018.07.07"]
[EventType "team-tourn"]
[EventCountry "GER"]
[SourceTitle "playchess.com"]
[Source "ChessBase"]
[SourceQuality "1"]
[TimeControl "40/5400+30:1800+30"]

1. e4 {[%emt 0:00:00]} c6 {[%emt 0:00:57]} 2. d4 {[%emt 0:00:00]} d5 {[%emt 0:00:07]} 3. exd5 {[%emt 0:00:05]} cxd5 {[%emt 0:00:08]} 4. Bd3 {[%emt 0:00:08]} Nc6 {[%emt 0:00:35]} 5. c3 {[%emt 0:00:07]} Qc7 {[%emt 0:00:27]} 6. Ne2 {[%emt 0:00:12]} e5 {[%emt 0:01:28]} 7. dxe5 {[%emt 0:02:56]} Nxe5 {[%emt 0:00:09]} 8. Bb5+ {[%emt 0:03:22]} Bd7 {[%emt 0:00:58]} 9. Bxd7+ {[%emt 0:01:10]} Qxd7 {[%emt 0:00:18]} 10. Bf4 {[%emt 0:02:30]} Ng6 {[%emt 0:03:41]} 11. O-O {[%emt 0:02:38]} Nxf4 {[%emt 0:04:45]} 12. Nxf4 {[%emt 0:00:10]} Nf6 {[%emt 0:00:06]} 13. Qd4 {[%emt 0:10:26]} Be7 {[%emt 0:04:02]} 14. Rd1 {[%emt 0:07:04]} O-O {[%emt 0:01:52]} 15. Nxd5 {[%emt 0:04:36]} Nxd5 {[%emt 0:10:42]} 16. Qxd5 {[%emt 0:01:24]} Qxd5 {[%emt 0:07:20]} 17. Rxd5 {[%emt 0:00:07]} Rad8 {[%emt 0:04:06]} 1/2-1/2

[Event "WTCC-65 2018"]
[Site "Radebeul"]
[Date "2018.07.13"]
[Round "7"]
[White "Scovitin, Albert"]
[Black "Schulze, Ulrich"]
[Result "0-1"]
[WhiteElo "2004"]
[BlackElo "2313"]
[Annotator "NA"]
[PlyCount "116"]
[EventDate "2018.07.07"]
[EventType "team-tourn"]
[EventCountry "GER"]
[SourceTitle "playchess.com"]
[Source "ChessBase"]
[SourceQuality "1"]
[TimeControl "40/5400+30:1800+30"]

1. c4 {[%emt 0:00:00]} e5 {[%emt 0:00:00]} 2. Nc3 {[%emt 0:00:00]} Nf6 {[%emt 0:00:08]} 3. g3 {[%emt 0:00:17]} Bb4 {[%emt 0:01:00]} 4. Bg2 {[%emt 0:00:21]} Bxc3 {[%emt 0:01:45]} 5. bxc3 {[%emt 0:00:29]} O-O {[%emt 0:01:56]} 6. d3 {[%emt 0:00:23]} Re8 {[%emt 0:02:06]} 7. e4 {[%emt 0:03:02]} c6 {[%emt 0:03:11] A21: English Opening: 1...e5 2 Nc3} 8. Ne2 {[%emt 0:04:22]} (8. Nf3 d5 9. cxd5 cxd5 10. exd5 Nxd5 11. Qc2 Qc7 12. O-O Qxc3 13. Qxc3 Nxc3 14. Bb2 Na4 15. Bxe5 {½-½ (33) Giri,A (2778)-Aronian,L (2781) London 2015 CBM 170 [Sagar Shah/CB Website]}) 8... d5 {[%emt 0:01:10]} 9. cxd5 {[%emt 0:04:34]} cxd5 {[%emt 0:00:06]} 10. exd5 {[%emt 0:00:18]} Nxd5 {[%emt 0:00:12]} 11. h3 {[%emt 0:00:09]} Nc6 {[%emt 0:01:43]} 12. O-O {[%emt 0:00:16]} Bf5 {[%emt 0:04:13]} 13. d4 {[%emt 0:02:23]} exd4 {[%emt 0:04:11]} 14. cxd4 {[%emt 0:13:24]} Qd7 $146 {[%emt 0:07:58]} ({Predecessor:} 14... Be4 15. f3 {0-1 (32) Cruz,F (2355)-Liang,A (2495) Sitges 2016}) 15. Kh2 {[%emt 0:05:49]} Be4 {[%emt 0:01:02]} 16. Bb2 {[%emt 0:04:36]} Rad8 {[%emt 0:04:11]} 17. Rc1 {[%emt 0:02:14]} h6 {[%emt 0:05:27]} 18. Qd2 {[%emt 0:01:44]} Bxg2 {[%emt 0:01:09]} 19. Kxg2 {[%emt 0:00:24]} Qe6 {[%emt 0:01:34]} 20. Rfe1 {[%emt 0:02:38]} Qe4+ {[%emt 0:03:02]} 21. Kh2 {[%emt 0:00:11]} Qf5 {[%emt 0:01:10]} 22. Ng1 {[%emt 0:01:02]} Ndb4 {[%emt 0:05:21]} 23. Rxe8+ {[%emt 0:07:14]} Rxe8 {[%emt 0:00:04]} 24. Rc3 {[%emt 0:04:09]} Rd8 {[%emt 0:09:00]} 25. a3 {[%emt 0:00:56]} Rxd4 {[%emt 0:04:11]} 26. Qe2 {[%emt 0:04:18]} Re4 {[%emt 0:01:16]} 27. Qd2 {[%emt 0:01:53]} Nd5 {[%emt 0:05:42]} 28. Rc5 {[%emt 0:01:06]} Nce7 {[%emt 0:00:04]} 29. Qc2 {[%emt 0:02:47]} Qe6 {[%emt 0:03:36]} 30. Rc4 {[%emt 0:01:27]} Rxc4 {[%emt 0:10:08]} 31. Qxc4 {[%emt 0:00:09]} a6 {[%emt 0:00:26]} 32. Qd4 {[%emt 0:03:42]} f6 {[%emt 0:04:28]} 33. Qd3 {[%emt 0:02:17]} Qf5 {[%emt 0:01:09]} 34. Qe2 {[%emt 0:00:15]} b5 {[%emt 0:00:34]} 35. Nf3 {[%emt 0:00:18]} Kf7 {[%emt 0:03:46]} 36. Nh4 {[%emt 0:03:26]} Qe6 {[%emt 0:01:03]} 37. Qh5+ {[%emt 0:01:39]} Kf8 {[%emt 0:01:07]} 38. Qf3 {[%emt 0:00:32]} g5 {[%emt 0:01:29]} 39. Ng2 {[%emt 0:00:23]} Kg7 {[%emt 0:01:13]} 40. h4 {[%emt 0:03:29]} Qf5 {[%emt 0:01:19]} 41. Qe2 {[%emt 0:30:26]} Ng6 {[%emt 0:30:38]} 42. hxg5 {[%emt 0:01:34]} hxg5 {[%emt 0:00:15]} 43. g4 {[%emt 0:06:56]} Qd7 {[%emt 0:06:00]} 44. Qd2 {[%emt 0:00:33]} Kf7 {[%emt 0:00:00]} 45. Qd4 {[%emt 0:00:00]} Ne5 {[%emt 0:00:00]} 46. Kg3 {[%emt 0:00:00]} Qd6 {[%emt 0:00:00]} 47. Qa7+ {[%emt 0:00:00]} Qc7 {[%emt 0:00:00]} 48. Qxc7+ {[%emt 0:00:00]} Nxc7 {[%emt 0:00:00]} 49. f4 {[%emt 0:00:00]} Nd3 {[%emt 0:00:00]} 50. Bd4 {[%emt 0:00:00]} Ne6 {[%emt 0:00:00]} 51. fxg5 {[%emt 0:00:00]} Nxd4 {[%emt 0:00:00]} 52. gxf6 {[%emt 0:00:00]} Kxf6 {[%emt 0:00:00]} 53. Ne3 {[%emt 0:00:00]} Ke5 {[%emt 0:00:00]} 54. Kh4 {[%emt 0:00:00]} Ke4 {[%emt 0:00:00]} 55. Nd1 {[%emt 0:00:00]} Nc2 {[%emt 0:00:00]} 56. g5 {[%emt 0:00:00]} Kf5 {[%emt 0:00:00]} 57. Kh5 {[%emt 0:00:00]} Ne5 {[%emt 0:00:00]} 58. Kh6 $19 {[%emt 0:00:00]} Nf7+ {[%emt 0:00:00]} 0-1

[Event "WTCC-65 2018"]
[Site "Radebeul"]
[Date "2018.07.14"]
[Round "8"]
[White "Rashkovsky, Nukhim N"]
[Black "Buchal, Stephan"]
[Result "1-0"]
[WhiteElo "2483"]
[BlackElo "2329"]
[Annotator "ChessBase"]
[PlyCount "93"]
[EventDate "2018.07.07"]
[EventType "team-tourn"]
[EventCountry "GER"]
[SourceTitle "playchess.com"]
[Source "ChessBase"]
[SourceQuality "1"]
[TimeControl "40/5400+30:1800+30"]

1. d4 {[%emt 0:00:00]} g6 {[%emt 0:00:00]} 2. Nf3 {[%emt 0:00:07]} Bg7 {[%emt 0:00:00]} 3. g3 {[%emt 0:00:11]} d6 {[%emt 0:00:15]} 4. Bg2 {[%emt 0:00:07]} Nf6 {[%emt 0:00:07]} 5. O-O {[%emt 0:00:10]} O-O {[%emt 0:00:07]} 6. a4 {[%emt 0:00:27]} Nbd7 {[%emt 0:01:06]} 7. a5 {[%emt 0:04:04]} c6 {[%emt 0:10:59]} 8. c4 {[%emt 0:04:18]} e5 {[%emt 0:03:55]} 9. Nc3 {[%emt 0:00:21]} Re8 {[%emt 0:06:22]} 10. d5 {[%emt 0:02:23]} cxd5 {[%emt 0:12:52]} 11. cxd5 {[%emt 0:00:30]} b6 {[%emt 0:06:45]} 12. Nd2 {[%emt 0:14:52]} a6 {[%emt 0:10:07]} 13. axb6 {[%emt 0:17:29]} Nxb6 {[%emt 0:01:35]} 14. Nb3 {[%emt 0:00:15]} Bf5 {[%emt 0:04:02]} 15. Na5 {[%emt 0:01:22]} Qc8 {[%emt 0:05:40]} 16. Qb3 {[%emt 0:02:08]} Nbd7 {[%emt 0:04:27]} 17. Qa3 {[%emt 0:03:46]} Nc5 {[%emt 0:03:06]} 18. Be3 {[%emt 0:00:40]} e4 {[%emt 0:03:38]} 19. Nc4 {[%emt 0:03:17]} Qc7 {[%emt 0:05:49]} 20. Nxd6 {[%emt 0:02:00]} Qxd6 {[%emt 0:00:14]} 21. Bxc5 {[%emt 0:01:41]} Qd7 {[%emt 0:00:40]} 22. Rfd1 {[%emt 0:01:30]} Bh3 {[%emt 0:01:15]} 23. Qa4 {[%emt 0:06:13]} Qf5 {[%emt 0:00:50]} 24. Bd4 {[%emt 0:01:30]} Bxg2 {[%emt 0:03:45]} 25. Kxg2 {[%emt 0:00:02]} h5 {[%emt 0:00:33]} 26. h3 {[%emt 0:03:09]} Rad8 {[%emt 0:06:15]} 27. Bxf6 {[%emt 0:07:19]} Bxf6 {[%emt 0:00:41]} 28. d6 {[%emt 0:00:55]} e3 {[%emt 0:03:36]} 29. Qf4 {[%emt 0:01:08]} Qxf4 {[%emt 0:04:03]} 30. gxf4 {[%emt 0:00:03]} exf2 {[%emt 0:00:59]} 31. Kxf2 {[%emt 0:00:30]} Rb8 {[%emt 0:00:35]} 32. Rxa6 {[%emt 0:10:32]} Rxb2 {[%emt 0:00:08]} 33. d7 {[%emt 0:00:27]} Bh4+ {[%emt 0:00:12]} 34. Kf3 {[%emt 0:00:10]} Rd8 {[%emt 0:00:28]} 35. Ra7 {[%emt 0:04:11]} Rb3 {[%emt 0:01:39]} 36. Rd3 {[%emt 0:00:11]} Kg7 {[%emt 0:00:40]} 37. Nd5 {[%emt 0:00:38]} Rb1 {[%emt 0:00:13]} 38. Ke4 {[%emt 0:01:55]} Rb5 {[%emt 0:00:47]} 39. Kd4 {[%emt 0:01:33]} Rdb8 {[%emt 0:00:27]} 40. Rc3 {[%emt 0:02:20]} R5b7 {[%emt 0:00:31]} 41. Rxb7 {[%emt 0:30:04]} Rxb7 {[%emt 0:30:15]} 42. Rc7 {[%emt 0:00:20]} Rxc7 {[%emt 0:00:00]} 43. Nxc7 {[%emt 0:00:00]} Bd8 {[%emt 0:00:00]} 44. Nd5 {[%emt 0:00:00]} f6 {[%emt 0:00:00]} 45. Nb4 {[%emt 0:00:00]} g5 {[%emt 0:00:00]} 46. fxg5 {[%emt 0:00:00]} fxg5 {[%emt 0:00:00]} 47. Nc6 {[%emt 0:00:00]} 1-0

[Event "WTCC-65 2018"]
[Site "Radebeul"]
[Date "2018.07.14"]
[Round "8"]
[White "Sharif, Mehrshad"]
[Black "Wahlbom, Magnus"]
[Result "1-0"]
[WhiteElo "2353"]
[BlackElo "2185"]
[Annotator "NA"]
[PlyCount "62"]
[EventDate "2018.07.07"]
[EventType "team-tourn"]
[EventCountry "GER"]
[SourceTitle "playchess.com"]
[Source "ChessBase"]
[SourceQuality "1"]
[TimeControl "40/5400+30:1800+30"]

1. Nf3 {[%emt 0:00:00]} Nf6 {[%emt 0:00:00]} 2. g3 {[%emt 0:00:00]} c5 {[%emt 0:00:48]} 3. Bg2 {[%emt 0:01:16]} Nc6 {[%emt 0:01:16]} 4. O-O {[%emt 0:01:32]} g6 {[%emt 0:01:07]} 5. b3 {[%emt 0:01:49]} Bg7 {[%emt 0:00:28]} 6. Bb2 {[%emt 0:00:41]} O-O {[%emt 0:03:36]} 7. c4 {[%emt 0:00:29]} d5 {[%emt 0:03:19]} 8. cxd5 {[%emt 0:00:22]} Nxd5 {[%emt 0:00:10]} 9. Bxg7 {[%emt 0:00:38]} Kxg7 {[%emt 0:00:07]} 10. d4 {[%emt 0:00:48]} cxd4 {[%emt 0:11:41]} 11. Nxd4 {[%emt 0:00:31]} Nxd4 {[%emt 0:00:45]} 12. Qxd4+ {[%emt 0:00:15]} Nf6 {[%emt 0:00:02] A05: Übergänge in verschiedene Eröffnungen} 13. Qe5 {[%emt 0:01:56]} Qb6 {[%emt 0:07:31]} 14. Nc3 {[%emt 0:00:47] [#]} Kg8 $146 {[%emt 0:21:16]} ({Vorgänger:} 14... Be6 15. Na4 Qb4 16. Qc5 a5 17. Qxb4 axb4 18. Bxb7 Ra5 19. Rfc1 Rd8 20. Rc5 {1-0 (67) Meier,G (2647)-Sebenik,M (2551) chess.com INT 2018}) 15. Na4 {[%emt 0:13:20]} Qd6 {[%emt 0:19:06]} 16. Qxd6 {[%emt 0:02:28]} exd6 {[%emt 0:00:07]} 17. Rfd1 {[%emt 0:02:48]} Rd8 {[%emt 0:00:25]} 18. Rd2 {[%emt 0:00:50]} Kf8 {[%emt 0:04:42]} 19. Rad1 {[%emt 0:02:55]} Ke7 {[%emt 0:00:53]} 20. Nb2 {[%emt 0:00:41]} Rb8 {[%emt 0:00:54]} 21. Nc4 {[%emt 0:00:23]} Ne8 {[%emt 0:01:09]} 22. Na5 {[%emt 0:01:14]} Rd7 {[%emt 0:02:14]} 23. Rd4 {[%emt 0:10:23]} Rc7 $14 {[%emt 0:03:04]} 24. Nc4 {[%emt 0:11:48]} Rd7 {[%emt 0:05:02]} 25. h3 {[%emt 0:08:02]} b6 {[%emt 0:02:36]} 26. Bc6 {[%emt 0:00:42]} Rd8 {[%emt 0:03:16]} 27. Bxe8 {[%emt 0:03:06]} Kxe8 {[%emt 0:00:29]} 28. Nxd6+ {[%emt 0:00:15]} Kf8 {[%emt 0:00:15]} 29. Nxc8 {[%emt 0:00:49]} Rxd4 {[%emt 0:00:07]} 30. Rxd4 {[%emt 0:00:27]} Rxc8 {[%emt 0:00:03]} 31. Rd2 {[%emt 0:00:57]} Ke7 {[%emt 0:00:21]} 1-0

[Event "WTCC-65 2018"]
[Site "Radebeul"]
[Date "2018.07.14"]
[Round "8"]
[White "Schmidt, Bodo"]
[Black "Balashov, Yuri S"]
[Result "1/2-1/2"]
[WhiteElo "2344"]
[BlackElo "2423"]
[Annotator "ChessBase"]
[PlyCount "60"]
[EventDate "2018.07.07"]
[EventType "team-tourn"]
[EventCountry "GER"]
[SourceTitle "playchess.com"]
[Source "ChessBase"]
[SourceQuality "1"]
[TimeControl "40/5400+30:1800+30"]

1. d4 {[%emt 0:02:20]} Nf6 {[%emt 0:00:00]} 2. Nf3 {[%emt 0:00:03]} e6 {[%emt 0:00:00]} 3. e3 {[%emt 0:00:11]} b6 {[%emt 0:00:25]} 4. Bd3 {[%emt 0:00:37]} Bb7 {[%emt 0:00:11]} 5. O-O {[%emt 0:00:40]} d5 {[%emt 0:03:42]} 6. b3 {[%emt 0:02:06]} Nbd7 {[%emt 0:01:56]} 7. c4 {[%emt 0:02:02]} Bd6 {[%emt 0:00:31]} 8. Nc3 {[%emt 0:00:42]} a6 {[%emt 0:02:12]} 9. Bb2 {[%emt 0:00:11]} O-O {[%emt 0:00:28]} 10. cxd5 {[%emt 0:01:42]} exd5 {[%emt 0:00:17]} 11. Rc1 {[%emt 0:00:03]} Qe7 {[%emt 0:01:59]} 12. Ne2 {[%emt 0:05:28]} Ne4 {[%emt 0:03:37]} 13. Ng3 {[%emt 0:00:51]} f5 {[%emt 0:01:24]} 14. Qc2 {[%emt 0:00:36]} Rf7 {[%emt 0:02:46]} 15. Qe2 {[%emt 0:07:44]} b5 {[%emt 0:07:35]} 16. Rc2 {[%emt 0:03:00]} c6 {[%emt 0:18:48]} 17. Rfc1 {[%emt 0:00:44]} Rc8 {[%emt 0:01:11]} 18. a4 {[%emt 0:01:03]} Rff8 {[%emt 0:00:26]} 19. axb5 {[%emt 0:07:02]} axb5 {[%emt 0:00:30]} 20. Ra1 {[%emt 0:00:25]} Ra8 {[%emt 0:05:00]} 21. Rxa8 {[%emt 0:00:32]} Bxa8 {[%emt 0:00:07]} 22. Rc1 {[%emt 0:00:11]} Bb7 {[%emt 0:04:38]} 23. Ra1 {[%emt 0:00:31]} g6 {[%emt 0:02:50]} 24. Ra7 {[%emt 0:02:30]} Rb8 {[%emt 0:01:24]} 25. Qe1 {[%emt 0:04:00]} Bc7 {[%emt 0:02:39]} 26. Ba3 {[%emt 0:09:43]} Qe6 {[%emt 0:00:47]} 27. Bb4 {[%emt 0:00:24]} Bb6 {[%emt 0:00:24]} 28. Ra1 {[%emt 0:01:22]} Bc7 {[%emt 0:03:53]} 29. Ba5 {[%emt 0:02:42]} Bd6 {[%emt 0:00:16]} 30. Bb4 {[%emt 0:00:07]} Bc7 {[%emt 0:00:13]} 1/2-1/2